| LEADER |
01126nam0a2200205 450 |
| 001 |
16837295 |
| 010 |
|
|
|a 978-2-7316-7876-5
|b rel.
|d 22
|
| 100 |
|
|
|a 20210623d2021 u u0frey01 ba
|
| 101 |
0 |
|
|a fre
|
| 102 |
|
|
|a FR
|
| 200 |
0 |
|
|a Sapiens Imperium
|f scénario : Sam Timel
|g dessin : Jorge Miguel - couleur : Jorge Miguel & Andrea Meloni
|
| 207 |
|
1 |
|a
|
| 210 |
|
|
|a Genève (Suisse)
|c Humanoïdes associés
|d 2021
|
| 215 |
|
|
|a 1 vol. (119 p.)
|c ill. en coul.
|d 32 cm
|
| 330 |
|
|
|a Spoliés de tous leurs droits par l'Imperium, le peuple Khelek et leurs alliés survivent depuis plusieurs générations dans les entrailles de Tazma, la planète-prison. Malgré les rivalités qui divisent les siens et l'exploitation que leur font subir leurs geôliers, l'espoir subsiste dans le cúur de la jeune Xinthia. Après tout, son frère n'a-t-il pas déjà réussi à fuir vers les étoiles ?
|
| 700 |
|
0 |
|a Timel
|b Sam
|4 70
|
| 702 |
|
0 |
|a Miguel
|b Jorge
|f 1963-....
|4 440
|
| 900 |
|
|
|a Bandes déssinées ADULTE
|
| 901 |
|
|
|a Accessible au prêt
|
| 995 |
|
|
|a Bibliothèque
|c Bibliothèque
|f 024021800
|h 024021800
|k BDA TIM
|o p
|q a
|r az
|e Bibliothèque
|